| 000 | 00603nam a22001937a 4500 | ||
|---|---|---|---|
| 003 | OSt | ||
| 005 | 20260310005901.0 | ||
| 008 | 260310b |||||||| |||| 00| 0 eng d | ||
| 020 | _a9780330504232 | ||
| 040 |
_aDWCL-Main Lib _cOC |
||
| 082 |
_2revised edition _aProf. 658.4022 Ad191 2009 |
||
| 100 | _aAdair, John | ||
| 245 | _aEffective teambuilding : how to make a winning team / | ||
| 260 |
_aLondon : _bPan Books, _cc 2009 |
||
| 300 |
_aviii, 180 pages: _billustrations ; _c20 cm. |
||
| 504 | _a1. Includes index. | ||
| 650 | _aTeam management. | ||
| 942 |
_2ddc _cPROF. _erevised edition _mProf. _n0 |
||
| 999 |
_c8794 _d8794 |
||